000 01007nam a2200229 a 4500
001 000300001
003 AM-YEHGA
005 20250618075423.0
008 040116s1940 ai 000 | arm d
040 _aAM-YeHGA
041 0 _aarm
245 0 0 _aՎերածնված երկիրը :
_bԱկնարկների և պատմվածքների ժողովածու /
_cԽմբ.՝ Սիրաս, Ա. Հարենց, Հր. Գրիգորյան.
260 _aԵրևան :
_bՀայպետհրատ,
_c1940.
300 _a316 էջ :
_b2 թ. դիմանկ. ;
_c21 սմ.
650 1 4 _aՀայ գրականություն
_xԱկնարկ
_94573
650 1 4 _aՀայ գրականություն
_xՊատմվածք
700 1 _aՍիրաս, Հմայակ Սահակի,
_d1902-1983
_eխմբ.
_4edt
_91945
700 1 _aՀարությունյան, Արամայիս Բագրատի,
_d1910-1995
_eխմբ.
_4edt
_92342
700 1 _aԳրիգորյան, Հրաչյա Գևորգի,
_d1907-1969
_eխմբ.
_4edt
_91647
942 _2udc
_cBK
090 _c465241
999 _c462068
_d462068